مكتبة جامعة عجلون الوطنية

فهرس بحث المكتبة

Normal view MARC view
  • الفلسفة الفنية -الفلسفة الجمالية-الأخلاف-الفلسفة الغربية-الفلاسفة

Entry Topical Term

Number of records used in: 1

001 - CONTROL NUMBER

  • control field: 63756

003 - CONTROL NUMBER IDENTIFIER

  • control field: JO-AjAnu

005 - DATE AND TIME OF LATEST TRANSACTION

  • control field: 20230606084414.0

008 - FIXED-LENGTH DATA ELEMENTS

  • fixed length control field: 230606|| aca||aabn | a|a d

040 ## - CATALOGING SOURCE

  • Original cataloging agency: JO-AjAnu
  • Transcribing agency: JO-AjAnu

150 ## - HEADING--TOPICAL TERM

  • Topical term or geographic name entry element: الفلسفة الفنية -الفلسفة الجمالية-الأخلاف-الفلسفة الغربية-الفلاسفة

670 ## - SOURCE DATA FOUND

  • Source citation: Work cat.: (JO-AjAnu)32504: الشيخ، حنان, author 63755, دراسة تأملية في فلسفة وعلم الجمال: ( مسافة العبور)